000 00658cam a2200205 4500500
005 20260329005628.0
041 _afre
042 _adc
100 1 0 _aLarmagnac-Matheron, Octave
_eauthor
245 0 0 _a“Antisémitisme et philosophie”, à l’École normale supérieure
260 _c2024.
500 _a22
690 _aAntisémitisme
690 _aDiscrimination
690 _aExclusion
690 _aFrédéric Worms
690 _aHannah Arendt
786 0 _nPhilosophie magazine | 180 | 6 | 2024-06-01 | p. 8-8 | 1951-1787
856 4 1 _uhttps://shs.cairn.info/magazine-philosophie-magazine-2024-6-page-8?lang=fr&redirect-ssocas=7080
999 _c1845102
_d1845102